[Event "GER-chT Betriebe"]
[Site "Berlin"]
[Date "2006.10.05"]
[Round "1.1"]
[White "Baehr, Michael"]
[Black "Cusnariov, Nikolai"]
[Result "0-1"]
[WhiteElo "1779"]
[BlackElo "2106"]
[PlyCount "152"]
[EventDate "2006.10.05"]
[EventType "team-tourn"]
[EventRounds "7"]
[EventCountry "GER"]
[SourceTitle "EXT 2007"]
[Source "ChessBase"]
[SourceDate "2006.11.23"]
[SourceVersion "1"]
[SourceVersionDate "2006.11.23"]
[SourceQuality "1"]
[WhiteTeam "Hamburg Baubehoerde III"]
[BlackTeam "SK Praesident III"]
[WhiteTeamCountry "GER"]
[BlackTeamCountry "GER"]

1. e4 c5 2. d4 cxd4 3. c3 dxc3 4. Nxc3 Nc6 5. Nf3 a6 6. Bc4 e6 7. 0-0 b5 8. Bb3 Nge7 9. Bf4 Ng6 10. Bg3 f6 11. Re1 Be7 12. Nd5 0-0 13. Nxe7+ Ngxe7 14. Bd6 Bb7 15. Nh4 Kh8 16. Re3 g5 17. Nf3 Rf7 18. Rc1 Rc8 19. Rec3 h6 20. h3 Qe8 21. Nh2 Rg7 22. Ng4 Qg6 23. Bc2 e5 24. Bxe7 Nxe7 25. Rxc8+ Nxc8 26. f3 h5 27. Ne3 Qe8 28. Bb3 Qd8 29. Nf5 Rh7 30. Qc2 Bc6 31. Bd5 Qb6+ 32. Qc5 Qxc5+ 33. Rxc5 Na7 34. Ne3 Re7 35. Kf2 Re8 36. Bf7 Rc8 37. Bxh5 Kg7 38. Nf5+ Kf8 39. Nd6 Rb8 40. Bg4 Ke7 41. Nf5+ Kd8 42. h4 gxh4 43. Nxh4 b4 44. Nf5 b3 45. a3 Nb5 46. Ke3 Nxa3 47. Nd6 Kc7 48. Nc4 Nxc4+ 49. Rxc4 a5 50. Kd2 a4 51. Kc1 Kd6 52. Bh5 Rb5 53. Bf7 Ke7 54. Bg8 Rb8 55. Bd5 Bxd5 56. exd5 Kd6 57. Rxa4 Kxd5 58. Ra3 Rc8+ 59. Kd1 Rc2 60. Rxb3 Rxg2 61. Rd3+ Ke6 62. b3 d5 63. b4 e4 64. fxe4 dxe4 65. Rd8 f5 66. b5 Ke5 67. b6 Rg7 68. Rb8 Kf4 69. b7 Rf7 70. Kd2 Kf3 71. Ke1 f4 72. Kf1 e3 73. Ke1 Rc7 74. Rc8 Rxb7 75. Rc1 Rb2 76. Rd1 Rh2 0-1